Využitie technickej analýzy pri predikcii kurzu akcie

Salvato in:
Dettagli Bibliografici
Autore principale: Markovič, Peter, 1974-
Natura: Capitolo di libro
Lingua:slovacco
Tags: Aggiungi Tag
Nessun Tag, puoi essere il primo ad aggiungerne!!

MARC

LEADER 00000naa$a2200000$$$4500
001 0144573
005 20240502072607.4
041 0 |a slo 
044 |a SK 
245 1 0 |a Využitie technickej analýzy pri predikcii kurzu akcie  |c Peter Markovič 
100 1 |a Markovič, Peter, 1974-